| 000 | 01061cam a2200277 4500 | ||
|---|---|---|---|
| 008 | #DATE n1999 000 0 eng u | ||
| 020 | _a1870308700 | ||
| 035 | _a(Sirsi) u119914 | ||
| 041 | _aeng | ||
| 050 | _a721.0212 | ||
| 245 | _aArchitects` working details 6 | ||
| 260 |
_aLondon _bEmap _c1999 |
||
| 300 |
_a174p. _bill. _c30cm. |
||
| 350 | _a24.99 | ||
| 490 |
_aArchitects' Working Details _v6 |
||
| 520 | _aA selection of the technical diagrams and sections of external walls, windows, roofs, staircases, structure, small buildings and extensions, and interior elements published under the heading "Working details" in the "Architects' Journal". | ||
| 650 | _aARCHITECTS WORKING DETAILS | ||
| 650 | _aARCHITECTURAL DETAILS | ||
| 650 | _aEXTENSIONS | ||
| 650 | _aBUILT ENVIRONMENT-BUILDING ELEMENTS-COMPLETE BUILDING ELEMENTS-STAIRS | ||
| 650 | _aBUILT ENVIRONMENT-BUILDING ELEMENTS-COMPLETE BUILDING ELEMENTS-WALLS | ||
| 650 | _aWINDOWS | ||
| 650 | _aWORKING DETAILS | ||
| 690 | _aBUILT ENVIRONMENT-CONSTRUCTION DESIGN | ||
| 942 | _n0 | ||
| 999 |
_c102449 _d102449 |
||